| 000 | 01122nam0a22002651 4500 | ||
|---|---|---|---|
| 001 | rc\4633046 | ||
| 005 | 20250612135126.0 | ||
| 021 |
_aRU _b[68-14129] |
||
| 035 | _a(NLR Aleph) 008680808 | ||
| 090 |
_a9177745 _c9177745 |
||
| 100 | _a20130416d1967 |||y0rusy50 ca | ||
| 101 | 0 | _arus | |
| 102 | _aRU | ||
| 105 | _ay g ||||| | ||
| 200 | 1 |
_aКраткий справочник экономиста-машиностроителя _e(Пособие для студентов заоч. отд-ния) _fСост. С.И. Сидорук _gЦелиногр. машиностроит. техникум. М-во высш. и сред. спец. образования Каз. ССР |
|
| 210 |
_aЦелиноград _cБ. и. _d1967 |
||
| 215 |
_a99 с. _d20 |
||
| 320 | _aБиблиогр.: с. 99 (11 назв.) | ||
| 606 |
_aМашиностроительные заводы _xЭкономический анализ _jПособия для заочников _2psbo |
||
| 700 | 1 |
_aСидорук _bС.И. _4220 |
|
| 801 | 0 |
_aRU _bNLR _gpsbo |
|
| 801 | 1 |
_aRU _bELAR _2rusmarc |
|
| 852 |
_aNLR _j68-4/5545 |
||
| 942 | _cBOOK | ||
| 980 | _aNB | ||